01305cam a22003251 4500001001300000003000400013005001700017008004100034010001700075035001900092040003100111042001200142050002200154086001600176100003300192245014200225260004800367300007100415410005600486500004900542500006400591504003000655650003100685650003300716650005100749650005300800700004700853740006200900999001700962gs 64000302 DLC20260227111414.0780629s1964 dcuabd b f000 0 eng  ags 64000302  a(OCoLC)4016877 aDLCcOClUdISSdOCoLCdDLC apremarc00aQE75b.P9 no. 4150 aI 19.16:4151 aStaatz, Mortimer Hay,d1918-00aGeology and mineral deposits of the Thomas and Dugway Ranges, Juab and Tooele Counties, Utah,cby Mortimer H. Staatz and Wilfred J. Carr. aWashington,bU.S. Govt. Print Off.,c1964. avi, 188 p.billus., maps (1 col.) diagrs. (2 col.) tables.c29 cm.20aGeological Survey (U.S.).tProfessional paper,v415 aPart of illustrative matter fold. in pocket. a"Prepared on behalf of the U. S. Atomic Energy Commission." aBibliography: p. 180-183. 0aGeologyzUtahzJuab County 0aGeologyzUtahzTooele County 0aMines and mineral resourceszUtahzJuab County 0aMines and mineral resourceszUtahzTooele County1 aCarr, Wilfred James,d1926-ejoint author.0 aThomas and Dugway Ranges, Juab and Tooele Counties, Utah. c29884d29884